Statystyki dla Skocznie w sezonie 2003/2004

Kliknij tutaj aby rozwiązać quiz!

Ogólne statystyki

  • Ten quiz został rozwiązany 16 razy
  • Średni wynik to 16 z 19

Statystyki odpowiedzi

Skocznia% Poprawnych
7Innsbruck
100%
18Lillehammer
100%
10Zakopane
100%
6Garmisch - Partenkirchen
93%
16Lahti
93%
13Oberstdorf
93%
5Oberstdorf
93%
14Willingen
93%
8Bischofshofen
86%
4Engelberg
86%
17Kuopio
86%
19Oslo
86%
1Ruka/Kuusamo
86%
12Sapporo
86%
2Trondheim
86%
11Hakuba
64%
9Liberec
64%
15Park City
64%
3Titisee - Neustadt
64%

Rozkład punktacji

Percentyl według liczby udzielonych odpowiedzi

Procent ludzi z każdym wynikiem

Twoja historia wyników

Nie rozwiązałeś tego quizu